|
|
|
|
| LEADER |
01115nam a22003251a 4500 |
| 001 |
000040551 |
| 003 |
16846 |
| 005 |
20230419104205.0 |
| 008 |
160412s1985 000 |
| 040 |
|
|
|a lnn
|c lnn
|d lnn
|
| 082 |
0 |
0 |
|a 780
|b KE-J
|
| 100 |
1 |
|
|a Keates, Jonathan,
|d 1946-
|
| 245 |
1 |
0 |
|a Handel, the man and his music /
|c by Jonathan Keates.
|
| 250 |
|
|
|a 1st U.S. ed.
|
| 260 |
|
|
|a New York :
|b St. Martin's Press,
|c c1985.
|
| 300 |
|
|
|a 346 p. :
|b ill., ports., facsim. ;
|c 24 cm.
|
| 504 |
|
|
|a Bibliography: p. 339.
|
| 500 |
|
|
|a Includes indexes.
|
| 600 |
1 |
0 |
|a Handel, George Frideric,
|d 1685-1759.
|
| 650 |
|
0 |
|a Composers
|v Biography.
|
| 653 |
|
|
|a Handel
|a the man and his music
|
| OWN |
|
|
|a LNN
|
| AVA |
|
|
|a UDN50
|b LNN
|c English
|d 780KE-J
|e available
|t Error 5001 Not defined in file expand_doc_bib_avail.
|f 1
|g 0
|h N
|i 0
|j AN
|
| 999 |
|
|
|a From the UDN01
|
| AVA |
|
|
|a UDN50
|b LNN
|c English
|d 780KE-J
|e available
|t Error 5001 Not defined in file expand_doc_bib_avail.
|f 1
|g 0
|h N
|i 0
|j AN
|
| TYP |
|
|
|a Monograph
|
| 980 |
|
|
|a Mạng thư viện Đại học Đà Nẵng
|